OPAC Home

ජන කවි ආරේ නව කවි (Record no. 75253)

MARC details
000 -LEADER
fixed length control field 00466nam a2200169Ia 4500
008 - FIXED-LENGTH DATA ELEMENTS--GENERAL INFORMATION
fixed length control field 121012t1999 xxu||||| |||| 00| 0 sin d
041 ## - LANGUAGE CODE
Language code of text/sound track or separate title Sinhala; Sinhalese
080 ## - UNIVERSAL DECIMAL CLASSIFICATION NUMBER
Universal Decimal Classification number X8S1
Item number NGN
942 ## - ADDED ENTRY ELEMENTS (KOHA)
Koha item type Books
003 - CONTROL NUMBER IDENTIFIER
control field LK-CoDNM
040 ## - CATALOGING SOURCE
Original cataloging agency LK-CoDNM
Modifying agency LK-CoDNM
Description conventions LK-CoDNM
100 ## - MAIN ENTRY--PERSONAL NAME
Personal name Ngnninda Himi Vevagedara
245 ## - TITLE STATEMENT
Title ජන කවි ආරේ නව කවි
246 ## - VARYING FORM OF TITLE
Title proper/short title Janakavi Are Nava Kavi
260 ## - PUBLICATION, DISTRIBUTION, ETC. (IMPRINT)
Name of publisher, distributor, etc. Sarasvathi Prakashana
Place of publication, distribution, etc. Divulapitiya
Date of publication, distribution, etc. 1999
300 ## - PHYSICAL DESCRIPTION
Other physical details 37p., 21 cm
Holdings
Withdrawn status Lost status Damaged status Not for loan Collection code Permanent Location Current Location Date acquired Full call number Barcode Koha item type
        Poems Library National Museum Colombo - Sri Lanka Library National Museum Colombo - Sri Lanka 2012-10-12 X8S1 NGN P23934 Books
Copyright © 2023 Department of National Museum, Colombo 07, Sri Lanka Funded by UNESCO IFAP UNESCO